000 00763cam a22002291 4500
001 sg 45000303
003 DLC
005 20260227112747.0
008 790718s1945 nyu 100 0 eng c
010 _asg 45000303
035 _a(OCoLC)5183396
040 _aU.S. Surg.-gen. off. Libr.
_cInIU
_dDLC
042 _apremarc
050 0 0 _aRC358
_b.H4 1945g
082 _a616.8
111 1 _aNational Committee for Mental Hygiene.
245 1 0 _aMedicine and the neuroses;
_breport of the Hershey Conference on Psychiatric Rehabilitation.
260 _aNew York,
_bThe National Committee for Mental Hygiene, Inc.,
_c1945.
300 _a36 p.
_c23 cm.
650 0 _aPsychiatry.
711 1 _aHershey Conference on Psychiatric Rehabilitation,
_cHershey, Pa.,
_d1945.
999 _c90687
_d90687